History Quiz

Random History or Politics Quiz
Score 0/15 Timer 02:00
7 Plays Today
% Correct
Neil Armstrong
94.8%
Abraham Lincoln
94%
Mohandas Gandhi
93%
Cleopatra
90.1%
Napoleon Bonaparte
86.7%
Henry VIII of England
84.7%
Wolfgang Amadeus Mozart
84.3%
Julius Caesar
81.4%
% Correct
William Wallace
80.3%
Louis XIV of France
78.5%
Joan of Arc
78.2%
George Washington
77.4%
William Shakespeare
73%
Vincent van Gogh
70.5%
Christopher Columbus
45.5%

You're not logged in!

Compare scores with friends on all Sporcle quizzes.
OR
Log In

Sporcle TV

Today on Sporcle TV


Watch our educational content, quiz creation guides, and fun videos on Sporcle TV.

Show Comments

Extras

Top Quizzes Today


Score Distribution

Your Account Isn't Verified!

In order to create a playlist on Sporcle, you need to verify the email address you used during registration. Go to your Sporcle Settings to finish the process.

Report this User

Report this user for behavior that violates our Community Guidelines.

Details: